000 00727nam a22001937a 4500
999 _c171194
_d171194
005 20200108123057.0
010 _aENG-127297
020 _c895.00
_a9789353282981
035 _aEN-110829
037 _bDBAD/PUB.
082 _a303.3850954
245 _aSurviving on the Edge:
_ced by Shobna Sonpar(and) Neeru Kanwar.
_bPsychosocial Perspectives on vioience and Prejudice in India /
260 _aNew Delhi
_bSage Publications India .
_c2019
270 _aB1/I-1, Mohan Cooperative Industrial Area Mathura Road Post Bag 7
_bNew Delhi
_e110044
300 _axxviii,240p.
_c23cm.(hb)
500 _aIt includes index
700 _aed by Shobna Sonpar(and) Neeru Kanwar.
942 _2ddc
_cEN
_mSUR
_h303.3850954